Miasta w województwie pomorskim po powiatach - Statystyki

Ogólne statystyki
  • Ten quiz został rozwiązany 15 razy
  • Średni wynik to 36 z 43
Statystyki odpowiedzi
lp. Populacja Miasto % Poprawnych
1 16 000 Bytów
100%
1 38 000 Chojnice
92%
1 13 000 Człuchów
92%
1 489 000 Gdańsk
92%
2 239 000 Gdynia
92%
1 14 000 Kartuzy
92%
1 23 000 Kościerzyna
92%
1 37 000 Kwidzyń
92%
2 3 000 Łeba
92%
1 34 000 Lębork
92%
1 37 000 Malbork
92%
1 9 500 Nowy Dwór Gdański
92%
1 32 000 Pruszcz Gdański
92%
1 11 000 Puck
92%
3 77 000 Słupsk
92%
4 31 000 Sopot
92%
1 45 000 Starogard Gdański
92%
1 9 200 Sztum
92%
1 57 000 Tczew
92%
1 14 000 Ustka
92%
2 46 000 Wejherowo
92%
3 2 800 Hel
85%
4 2 600 Jastarnia
85%
2 1 200 Krynica Morska
85%
2 6 800 Pelplin
85%
3 29 000 Reda
85%
1 53 000 Rumia
85%
2 9 300 Władysławowo
85%
2 6 000 Czarne
77%
2 6 700 Skarszewy
77%
2 6 700 Żukowo
77%
4 2 700 Czarna Woda
69%
2 9 900 Czersk
69%
3 4 900 Debrzno
69%
2 5 000 Dzierzgoń
69%
3 6 200 Gniew
69%
2 4 600 Kobylnica
69%
2 9 500 Miastko
69%
2 4 000 Nowy Staw
69%
2 8 000 Prabuty
69%
3 3 400 Skórcz
69%
3 5 100 Brusy
62%
3 3 300 Kępice
62%
Nie znaleziono quizów pasujących do podanych kryteriów
Rozkład punktacji
Procent ludzi z każdym wynikiem
Percentyl według liczby udzielonych odpowiedzi
Twoja historia wyników
Nie rozwiązałeś tego quizu